[Event "Titled Tue 4th Jul Late"]
[Site "chess.com INT"]
[Date "2023.07.04"]
[Round "9"]
[White "Bluebaum, M."]
[Black "Andreikin, D."]
[Result "1/2-1/2"]
[WhiteElo "2672"]
[BlackElo "2729"]
[PlyCount "56"]
[EventDate "2023.07.04"]

1. d4 d5 2. c4 e6 3. Nc3 a6 4. cxd5 exd5 5. Bf4 Nf6 6. e3 Bd6 7. Bxd6 Qxd6 8. Bd3 O-O 9. Nge2 Bg4 10. f3 Bh5 11. Qd2 ({RR} 11. g4 Bg6 12. h4 Re8 13. h5 Bxd3 14. Qxd3 h6 15. O-O-O c5 16. Rdg1 Qe7 17. g5 hxg5 18. Rxg5 Qxe3+ 19. Qxe3 Rxe3 20. Rhg1 Nc6 21. Rxg7+ Kf8 22. h6 Rxf3 23. Nxd5 Nxd5 24. Rg8+ Ke7 25. Rxa8 Rh3 {Andreikin,D (2724)-Grandelius,N (2672) Chess.com INT 2022 1-0 (43)}) 11... Re8 12. O-O Bg6 13. Nf4 $146 ({RR} 13. Ng3 c5 14. Na4 cxd4 15. exd4 Nc6 16. Bxg6 hxg6 17. Nc5 b6 18. Nb3 a5 19. a3 a4 20. Nc1 Na5 21. Qd1 Qf4 22. Rf2 Nc4 23. Nf1 Re6 24. Ne2 Qg5 25. Nc3 Nh5 26. f4 Nxf4 27. Qf3 Rf6 {Bluebaum,M (2669)-Prohaszka,P (2585) chess.com INT 2023 1-0 (81)}) 13... Nc6 14. a3 Re7 15. Rfe1 Rae8 16. Re2 Nd8 17. Rae1 Ne6 18. Nxe6 Rxe6 19. Bxg6 hxg6 20. Qd3 c6 21. b4 Nh5 22. Qd2 Qe7 23. e4 dxe4 24. Rxe4 Qd6 25. Rxe6 Rxe6 26. Rxe6 Qxe6 27. d5 cxd5 28. Nxd5 Nf6 1/2-1/2

[Event "19th Moscow Stars Prelim"]
[Site "Moscow RUS"]
[Date "2023.07.21"]
[Round "3.1"]
[White "Grischuk, A."]
[Black "Artemiev, V."]
[Result "1/2-1/2"]
[WhiteElo "2736"]
[BlackElo "2698"]
[PlyCount "112"]
[EventDate "2023.07.21"]

1. d4 d5 2. c4 e6 3. Nc3 h6 4. Bf4 Bd6 5. Bxd6 Qxd6 6. e3 Nf6 7. Nf3 O-O 8. Rc1 Nbd7 9. cxd5 Nxd5 $146 ({RR} 9... exd5 10. Nb5 Qb4+ 11. Qd2 Qxd2+ 12. Nxd2 c6 13. Nd6 Nb6 14. Bd3 a5 15. Nb3 Rd8 16. Nxc8 Nxc8 17. a4 Nb6 18. Ra1 Ne8 19. Ke2 Nd6 20. Rhc1 Nd7 21. g4 g6 22. h4 Re8 23. Rc2 Kg7 24. Rg1 {Artemiev,V (2641)-Carlsen,M (2841) Hong Kong HKG 2026 ½-½ (64)}) 10. Ne4 Qe7 11. Bc4 b6 12. Bxd5 exd5 13. Nc3 Bb7 14. O-O Rfd8 15. Qb3 Nf6 16. Rfd1 Re8 17. Qa3 c5 18. dxc5 bxc5 19. Na4 d4 20. exd4 Bxf3 21. Qxf3 cxd4 22. Nc5 Rac8 23. Nd3 Qe6 24. a3 Rxc1 25. Rxc1 Rc8 26. Rxc8+ Qxc8 27. g3 Qc2 28. Kg2 Kh7 29. b4 Qc7 30. Nc5 Kg8 31. Qa8+ Kh7 32. Qb7 Qxb7+ 33. Nxb7 d3 34. Kf3 Ng4 35. Nc5 Nxh2+ 36. Ke3 Ng4+ 37. Kd2 g5 38. Nxd3 h5 39. a4 Nf6 40. Ke3 Kg6 41. b5 Kf5 42. f3 h4 43. gxh4 gxh4 44. a5 Ke6 45. Kf2 Kd6 46. Kg2 Nd5 47. Kh3 Nc7 48. b6 axb6 49. axb6 Ne6 50. Kxh4 Kc6 51. Ne5+ Kxb6 52. Nxf7 Nd4 53. f4 Ne6 54. f5 Ng7 55. f6 Ne8 56. Nh8 Nxf6 1/2-1/2

[Event "Titled Tue 25th Jul Late"]
[Site "chess.com INT"]
[Date "2023.07.25"]
[Round "10"]
[White "Nguyen Ngoc Truong Son"]
[Black "Bluebaum, M."]
[Result "1/2-1/2"]
[WhiteElo "2645"]
[BlackElo "2672"]
[PlyCount "80"]
[EventDate "2023.07.25"]

1. d4 d5 2. c4 e6 3. Nc3 Bb4 4. cxd5 exd5 5. Bf4 c5 6. e3 c4 ({RR} 6... Nf6 7. Bd3 cxd4 8. exd4 O-O 9. Nge2 Nc6 10. O-O Bg4 11. Qb3 Bxc3 12. Nxc3 Nxd4 13. Qxb7 Ne6 14. Bg3 Nc5 15. Qb5 Rc8 16. Be2 d4 17. Bxg4 Nxg4 18. Rad1 Ne6 19. Ne4 Qb6 20. Qe2 Nh6 21. Nd6 {Abdusattorov,N (2771)-Praggnanandhaa,R (2779) Zagreb CRO 2025 1-0 (42)}) 7. Nge2 Nc6 8. h3 $146 ({RR} 8. a3 Ba5 9. b4 cxb3 10. Qxb3 Be6 11. f3 Nge7 12. Kf2 O-O 13. Qxb7 Bb6 14. Qa6 Ng6 15. Bg3 f5 16. f4 h5 17. h4 Nh8 18. Na4 Nf7 19. Nec3 Nd6 20. Be2 Nxd4 21. exd4 Bxd4+ 22. Kf1 Rc8 {Mendonca,L (2642)-Vantika,A (2392) Doha QAT 2024 ½-½ (78)}) ({RR} 8. a3 Ba5 9. b4 cxb3 10. Qxb3 Be6 11. f3 Rc8 12. Kf2 Nge7 13. Nb5 O-O 14. Nd6 Ra8 15. Nxb7 Qc8 16. Nxa5 Nxa5 17. Qb4 Nec6 18. Qc3 Qd8 19. h4 Rc8 20. Qd3 Ne7 21. g4 Nc4 22. Bg2 Nb2 {Suleymanli,A (2657)-Bluebaum,M (2694) Biel SUI 2026 ½-½ (71)}) 8... h6 9. g4 Nge7 10. Bg2 Be6 11. b3 b5 12. O-O a6 13. bxc4 bxc4 14. Qa4 O-O 15. Rab1 Qa5 16. Qxa5 Bxa5 17. Rfd1 Rfd8 18. e4 Rac8 19. Be3 dxe4 20. Bxe4 Nd5 21. Bxd5 Bxd5 22. Nxd5 Rxd5 23. Rbc1 Ne7 24. Nf4 Rd7 25. d5 Bb4 26. Rd4 Bd6 27. Rdxc4 Rxc4 28. Rxc4 Bxf4 29. Bxf4 Nxd5 30. Rd4 f6 31. Bd2 Kf7 32. Ra4 Nb6 33. Rxa6 Rxd2 34. Rxb6 Rxa2 35. Kg2 Kg6 36. Kg3 h5 37. Rb5 Ra3+ 38. Kg2 hxg4 39. hxg4 Rc3 40. f3 Kf7 1/2-1/2

[Event "FIDE World Cup 2023"]
[Site "Baku AZE"]
[Date "2023.08.04"]
[Round "2.9"]
[White "Donchenko, Alexa"]
[Black "Bartel, Mat"]
[Result "1-0"]
[WhiteElo "2668"]
[BlackElo "2614"]
[PlyCount "121"]
[EventDate "2023.07.30"]
[EventType "k.o."]

1. c4 e6 2. Nc3 d5 3. d4 Be7 4. cxd5 exd5 5. Bf4 Nf6 6. e3 O-O 7. Bd3 c5 8. dxc5 Bxc5 9. Nf3 Nc6 10. O-O Bg4 11. h3 Bh5 12. Be2 h6 ({RR} 12... a6 13. Rc1 Be7 14. Ne5 Bxe2 15. Qxe2 Bd6 16. Nxc6 bxc6 17. Bxd6 Qxd6 18. Rfd1 Rfc8 19. b3 Qe5 20. Na4 Ra7 21. Nb6 Rcc7 22. Qd2 h6 23. Qd4 Qe7 24. Qc5 Qd8 25. Rc2 Ne4 26. Qd4 Nd6 27. e4 {Ju,W (2559)-Zatonskih,A (2318) Hong Kong HKG 2026 1-0}) 13. Rc1 Bb6 14. Na4 Bc7 $146 ({RR} 14... Bg6 15. a3 Rc8 16. Nxb6 Qxb6 17. b4 Rfd8 18. Nd4 Nxd4 19. Qxd4 Qxd4 20. exd4 Ne4 21. Bg4 Rc4 22. Be3 Nd6 23. Be2 Rcc8 24. Rc5 Nc4 25. Rxc8 Rxc8 26. Rc1 b5 27. Bf3 Rd8 28. a4 bxa4 29. Bxd5 {Kigeni,G-Steil Antoni,F (2173) Istanbul 2012 0-1 (35)}) 15. Bxc7 Qxc7 16. a3 Bxf3 17. Bxf3 Rad8 18. Qb3 Qe7 19. Rfd1 Ne4 20. Rxd5 Nd2 21. Qd1 Nxf3+ 22. Qxf3 Ne5 23. Qe4 Rxd5 24. Qxd5 Rd8 25. Qe4 b6 26. Nc3 Qe6 27. Nb5 f5 28. Qc2 a5 29. Nd4 Qd5 30. Qxf5 Rf8 31. Qe6+ Qxe6 32. Nxe6 Re8 33. Nd4 Nd3 34. Rc2 Nc5 35. b4 axb4 36. axb4 Nd3 37. b5 Ne5 38. Rc7 Kh7 39. Nf5 Rg8 40. e4 Nd3 41. Rc6 Rb8 42. f3 h5 43. Rc7 Rg8 44. Rb7 Kh8 45. Rxb6 Ra8 46. Kh2 Ra2 47. Rg6 Nf2 48. b6 Rb2 49. Kg3 Nd3 50. Kh4 Nf4 51. Rxg7 Nxg2+ 52. Kxh5 Nf4+ 53. Kh4 Ng2+ 54. Kg3 Ne3 55. Rb7 Nf1+ 56. Kf4 Nd2 57. Rb8+ Kh7 58. b7 Rb3 59. Nd6 Rxf3+ 60. Kg4 Rb3 61. Re8 1-0

[Event "FIDE World Cup 2023"]
[Site "Baku AZE"]
[Date "2023.08.07"]
[Round "3.7"]
[White "Vidit, S."]
[Black "Bluebaum, M."]
[Result "1-0"]
[WhiteElo "2719"]
[BlackElo "2672"]
[PlyCount "111"]
[EventDate "2023.07.30"]
[EventType "k.o."]

1. d4 d5 2. c4 e6 3. Nc3 Bb4 4. cxd5 exd5 5. Bf4 c5 6. dxc5 Nf6 7. e3 O-O 8. Bd3 Bxc3+ 9. bxc3 Nbd7 10. Ne2 $146 ({RR} 10. Bd6 Re8 11. Qb3 Qa5 12. Qb4 Qxb4 13. cxb4 d4 14. Nf3 dxe3 15. O-O exf2+ 16. Rxf2 Nd5 17. a3 N7f6 18. Rd2 Be6 19. Ng5 Rad8 20. Nxe6 fxe6 21. Re1 a6 22. Bc2 b5 23. Rd4 Kh8 24. g4 Nc3 {Li,W (2395)-Lilliehook,V (2106) London ENG 2025 1-0 (34)}) ({RR} 10. Bd6 Re8 11. Ne2 Qa5 12. a4 Nxc5 13. Bb5 Ncd7 14. O-O a6 15. Bxd7 Bxd7 16. Bb4 Qc7 17. a5 Bb5 18. Re1 Ng4 19. Nf4 Nf6 20. Nxd5 Nxd5 21. Qxd5 Rad8 22. Qc5 Qd7 23. h3 Bc6 24. Qg5 h6 {Vakhidov,J (2506)-Bluebaum,M (2695) chess.com INT 2026 ½-½ (56)}) 10... Nxc5 11. O-O Bg4 12. f3 Be6 13. Bc2 Ncd7 14. a4 Rc8 15. a5 Re8 16. Qd4 Rc5 17. Qb4 Qc8 18. Bd3 b6 19. axb6 axb6 20. Bd6 Ra5 21. Rxa5 bxa5 22. Qxa5 Nf8 23. Nd4 Bd7 24. Kf2 Ng6 25. Rb1 Ne5 26. Ba6 Qa8 27. Qb6 Nc4 28. Bxc4 dxc4 29. e4 h6 30. Re1 Qa2+ 31. Re2 Qa1 32. Qb2 Qa7 33. Qa3 Qb6 34. Qc5 Qa6 35. Be5 Rc8 36. Qd6 Qxd6 37. Bxd6 Ra8 38. Rb2 Ne8 39. Be5 f6 40. Bf4 Ra7 41. Ne2 Kf7 42. Be3 Rc7 43. Nf4 Nd6 44. Rb6 Nb5 45. Nd5 Rc8 46. Rb7 Ke8 47. Nb6 Rc7 48. Rb8+ Kf7 49. Nxd7 Nxc3 50. Nb6 Na2 51. Nd5 Rd7 52. Rb2 Rxd5 53. exd5 Nc3 54. Rc2 Nxd5 55. Rxc4 Ke6 56. h4 1-0

[Event "Titled Tue 1st Aug Late"]
[Site "chess.com INT"]
[Date "2023.08.01"]
[Round "8"]
[White "Firouzja, Alireza"]
[Black "Carlsen, M."]
[Result "1/2-1/2"]
[WhiteElo "2777"]
[BlackElo "2835"]
[PlyCount "66"]
[EventDate "2023.08.01"]

1. d4 d5 2. c4 e6 3. Nc3 Bb4 4. e3 Nf6 5. a3 Be7 6. cxd5 exd5 7. Bd3 O-O 8. Nge2 c5 ({RR} 8... Re8 9. O-O Nbd7 10. Qc2 Nf8 11. Bd2 Ne6 12. Rad1 b6 13. Be1 Bb7 14. f3 c5 15. Bb5 Rf8 16. dxc5 Bxc5 17. Bf2 Rc8 18. Rd2 Qe7 19. Nd4 Nxd4 20. exd4 Bd6 21. Qb3 Qc7 22. g3 a6 23. Bd3 {Dahl,C (2383)-Erdos,V (2541) Austria AUT 2026 ½-½ (31)}) 9. dxc5 $146 ({RR} 9. O-O Nc6 10. dxc5 Bxc5 11. b4 Bd6 12. Ng3 Bg4 13. Be2 Be6 14. Bb2 Ne5 15. Nb5 Bb8 16. Nd4 Bg4 17. Bxg4 Nfxg4 18. Ndf5 g6 19. f4 gxf5 20. Nxf5 Bc7 21. fxe5 Qg5 22. Qxg4 {1-0 (22) Sanzhaev,D (2056)-Islamov,M (2210) Kazan 2008}) 9... Bxc5 10. b4 Bd6 11. Bb2 Nc6 12. Nb5 Be5 13. Nbd4 Nxd4 14. Bxd4 Qe7 15. O-O Bg4 16. h3 Bxd4 17. exd4 Bxe2 18. Qxe2 Qxe2 19. Bxe2 Rfc8 20. Rfc1 Kf8 21. Rc5 b6 22. Rcc1 a5 23. bxa5 Rxc1+ 24. Rxc1 Rxa5 25. Rc8+ Ke7 26. Rc7+ Ke6 27. Rc6+ Kd7 28. Rxb6 Rxa3 29. Rb7+ Ke6 30. Rb6+ Ke7 31. Rb7+ Ke6 32. Rb6+ Ke7 33. Rb7+ Ke6 1/2-1/2

[Event "FIDE World Cup 2023"]
[Site "Baku AZE"]
[Date "2023.08.13"]
[Round "5.2"]
[White "Erigaisi, Arjun"]
[Black "Grandelius, N."]
[Result "1/2-1/2"]
[WhiteElo "2710"]
[BlackElo "2684"]
[PlyCount "86"]
[EventDate "2023.07.30"]
[EventType "k.o."]

1. d4 d5 2. c4 e6 3. Nc3 c6 4. e4 dxe4 5. Nxe4 Bb4+ 6. Nc3 e5 7. Be3 exd4 8. Qxd4 Qxd4 9. Bxd4 Nf6 10. O-O-O ({RR} 10. a3 Be7 11. O-O-O Be6 12. Nf3 h6 13. h3 Nbd7 14. Be3 Bc5 15. Nd4 a5 16. Na4 Ba7 17. Kc2 Ne4 18. Re1 Ndc5 19. Nxe6 fxe6 20. Bxc5 Nxc5 21. Nxc5 Bxc5 22. Rxe6+ Kf7 23. Re5 Bd4 24. Rf5+ Ke6 {Chen,H (2326)-Wu,Y (2340) Dongtai CHN 2026 ½-½ (32)}) 10... Be6 11. Nf3 Nbd7 12. Ng5 Ke7 $146 ({RR} 12... c5 13. Bxf6 Nxf6 14. Nb5 Ke7 15. Be2 a6 16. Nd6 Rab8 17. Bf3 b5 18. Nxe6 fxe6 19. Nb7 e5 20. Nd6 Rhd8 21. Nf5+ Kf7 22. Be2 g6 23. Ne3 Ne4 24. Nd5 Kg7 25. Nc7 Rd4 26. Nxa6 Bd2+ 27. Kc2 {Erigaisi,A (2725)-Yoo,C (2563) chess24.com INT 2022 1-0 (52)}) 13. Nce4 Nxe4 14. Nxe4 f6 15. Be2 Rhd8 16. a3 Ba5 17. Nd6 Kxd6 18. Bb6+ Ke7 19. Bxa5 Re8 20. b3 Kf7 21. Kb2 Ne5 22. Rhe1 Bf5 23. Bc3 Rad8 24. Kc1 Rxd1+ 25. Rxd1 Ng4 26. Bxg4 Bxg4 27. Re1 Rd8 28. Bb4 Be6 29. Rd1 Rxd1+ 30. Kxd1 b5 31. Kd2 bxc4 32. bxc4 Bxc4 33. Ke3 Ke6 34. Bf8 g6 35. Kd4 Bd5 36. g3 Kf5 37. Be7 Kg4 38. h4 f5 39. Kc3 Kf3 40. Bc5 a6 41. Be3 Kg4 42. Kb4 Kf3 43. Kc3 Kg4 1/2-1/2

[Event "chess.com SpeedChess Q1Sw"]
[Site "chess.com INT"]
[Date "2023.08.21"]
[Round "12"]
[White "Dreev, A."]
[Black "Vidit, S."]
[Result "0-1"]
[WhiteElo "2606"]
[BlackElo "2723"]
[PlyCount "108"]
[EventDate "2023.08.21"]

1. d4 d5 2. c4 e6 3. Nc3 c6 4. e4 dxe4 5. Nxe4 Bb4+ 6. Nc3 e5 7. a3 Bxc3+ 8. bxc3 Nd7 ({RR} 8... Qa5 9. Qc2 exd4 10. Bd2 Qe5+ 11. Ne2 Bf5 12. Qb2 d3 13. Qxb7 dxe2 14. Bxe2 Nf6 15. Kf1 O-O 16. Qxa8 Ne4 17. Be3 Nxc3 18. Re1 Nxe2 19. Kxe2 Qc3 20. Kf3 Nd7 21. Qxa7 Ne5+ 22. Kg3 Nd3 23. Rd1 {Fedoseev,V (2678)-Mamedyarov,S (2764) Chess.com INT 2020 ½-½ (36)}) ({RR} 8... Qa5 9. Bd2 Nf6 10. Nf3 Nbd7 11. h3 O-O 12. Be2 Ne4 13. Qc2 Nxd2 14. Qxd2 Re8 15. Ra2 c5 16. O-O exd4 17. cxd4 Qxd2 18. Rxd2 Nf6 19. d5 Ne4 20. Rb2 Nd6 21. Bd3 Bd7 22. Nd2 Re7 23. f3 {Ebrahimi Herab,H (2374)-Umarov,B (2317) Manisa TUR 2026 0-1 (44)}) 9. Bd3 $146 ({RR} 9. Be3 Qa5 10. Qd2 Ngf6 11. Bd3 O-O 12. Ne2 e4 13. Bb1 Nb6 14. c5 Nc4 15. Qc1 b6 16. cxb6 axb6 17. O-O Ba6 18. Bg5 Nd5 19. Bxe4 Nd6 20. Bxd5 Qxd5 21. Re1 {½-½ (21) Zakhartsov,V (2452)-Geller,J (2488) Moscow 2016}) 9... Qa5 10. Ne2 exd4 11. O-O dxc3 12. Re1 Ne7 13. Nd4 Nc5 14. Bg5 Be6 15. Bc2 Rd8 16. Bxe7 Kxe7 17. Nf5+ Kf6 18. Qf3 g6 19. Nd6+ Kg7 20. Rxe6 fxe6 21. Qf7+ Kh6 22. Qf4+ Kg7 23. Qe5+ Kg8 24. Ne4 b6 25. Nf6+ Kf7 26. Ng4 Nd7 27. Nh6+ Ke7 28. Qg7+ Kd6 29. Nf7+ Kc7 30. Nxh8 Qe5 31. Qxe5+ Nxe5 32. f4 Nxc4 33. Nf7 Rd2 34. Rc1 Nxa3 35. Bb3 c2 36. Ng5 Rd3 37. Bxc2 Rc3 38. Nxe6+ Kd6 39. Nd4 c5 40. Rd1 cxd4 41. Be4 Kc5 42. g4 Nc4 43. f5 Ne3 44. Re1 Nxg4 45. fxg6 hxg6 46. Bxg6 b5 47. Bf5 Ne3 48. Be6 a5 49. h4 Kd6 50. Bf7 Rc7 51. Ba2 Rh7 52. Kf2 Rxh4 53. Rg1 Rh2+ 54. Kf3 Rxa2 0-1

[Event "chess.com SpeedChess Q1Sw"]
[Site "chess.com INT"]
[Date "2023.08.21"]
[Round "13"]
[White "Bluebaum, M."]
[Black "Svane, R."]
[Result "1-0"]
[WhiteElo "2670"]
[BlackElo "2631"]
[PlyCount "115"]
[EventDate "2023.08.21"]

1. d4 d5 2. c4 e6 3. Nc3 h6 4. Bf4 Bd6 5. Bxd6 Qxd6 6. e3 Nf6 7. cxd5 exd5 8. Bd3 O-O 9. Nge2 ({RR} 9. h3 Re8 10. Nge2 c6 11. Qc2 Nbd7 12. O-O Nf8 13. Rab1 a5 14. a3 Bd7 15. Na4 Ne6 16. Rfc1 Qe7 17. Nb6 Ra7 18. b4 axb4 19. axb4 Qd8 20. Nxd7 Nxd7 21. b5 c5 22. dxc5 Ndxc5 23. b6 Ra8 {Giri,A (2760)-Narayanan,S (2616) chess.com INT 2025 1-0 (53)}) 9... b6 ({RR} 9... Re8 10. Qd2 b6 11. Rc1 c6 12. h3 Ba6 13. O-O Bxd3 14. Qxd3 Nbd7 15. Rc2 Nf8 16. Nf4 Re7 17. Rfc1 Rae8 18. Nb1 Rc7 19. Qa3 Qd7 20. Qa4 Ne6 21. Nxe6 Rxe6 22. Nd2 Ne4 23. Nxe4 dxe4 24. Qc4 {Bluebaum,M (2660)-Le Tuan Minh (2598) chess.com INT 2025 0-1 (67)}) 10. Rc1 c5 11. b3 $146 ({RR} 11. dxc5 bxc5 12. O-O Nc6 13. Nf4 Rd8 14. Be2 Ne5 15. Na4 c4 16. b3 g5 17. Nh5 Nxh5 18. Bxh5 Nd3 19. Rc2 Bf5 20. bxc4 Ne5 21. Rd2 Nxc4 22. Rd4 Qe5 23. Bf3 Be6 24. Nc5 Rac8 25. Nd3 Qf6 {Gontcharov,V (2421)-Perez Gormaz,M (2383) chess.com INT 2026 1-0 (67)}) 11... Bg4 12. h3 Bxe2 13. Bxe2 cxd4 14. Qxd4 Nc6 15. Nb5 Nxd4 16. Nxd6 Rfd8 17. exd4 Rxd6 18. O-O Re6 19. Bf3 Re7 20. Rfe1 Rxe1+ 21. Rxe1 Kf8 22. Rc1 Re8 23. h4 g6 24. g3 Re7 25. Kg2 Ke8 26. Rc6 Re6 27. Rc8+ Kd7 28. Ra8 a5 29. Ra7+ Ke8 30. Rb7 Rd6 31. Kf1 Nd7 32. Be2 Kd8 33. Bb5 Kc8 34. Ra7 f5 35. f3 Nf6 36. Kf2 Kd8 37. Rg7 Nh5 38. Rh7 f4 39. g4 Ng3 40. Rxh6 Ke7 41. Rh7+ Kf6 42. g5+ Ke6 43. Rg7 Nf5 44. Rxg6+ Kf7 45. Rxd6 Nxd6 46. Bd3 Kg7 47. Kg2 Nc8 48. Kh3 Ne7 49. Kg4 Nc6 50. h5 Nxd4 51. h6+ Kf7 52. Kxf4 Ne6+ 53. Kg4 Nc5 54. Bf5 d4 55. g6+ Kf6 56. g7 d3 57. g8=Q d2 58. Qg7# 1-0

[Event "Titled Tue 22nd Aug Early"]
[Site "chess.com INT"]
[Date "2023.08.22"]
[Round "7"]
[White "Sarana, A."]
[Black "Jones, G."]
[Result "1-0"]
[WhiteElo "2685"]
[BlackElo "2618"]
[PlyCount "79"]
[EventDate "2023.08.22"]

1. d4 d5 2. c4 e6 3. Nc3 a6 4. cxd5 exd5 5. Bf4 h6 6. e3 Nf6 7. Bd3 Bd6 8. Bxd6 Qxd6 9. h3 O-O 10. Nf3 Nc6 11. O-O Ne7 12. Qc2 g6 13. Nh4 $146 ({RR} 13. Rac1 Bf5 14. Ne1 c6 15. Na4 Bxd3 16. Nxd3 Nf5 17. Nac5 Rfb8 18. b4 Qc7 19. a4 Nd6 20. a5 Nc4 21. Qe2 b6 22. axb6 Rxb6 23. Ra1 a5 24. bxa5 Rxa5 25. Rxa5 Nxa5 26. Ne5 Rb5 27. Qf3 Kg7 {Reshetnikov,A (2492)-Rudolph,A (2198) chess.com INT 2025 ½-½ (49)}) 13... c5 14. dxc5 Qxc5 15. Nf3 Bf5 16. Rfd1 Rac8 17. Rac1 Rfd8 18. Qb3 Bxd3 19. Rxd3 Qc4 20. Rcd1 Qxb3 21. axb3 Re8 22. g4 Rc5 23. Rd4 Nc6 24. Ra4 Ne5 25. Nd4 Ne4 26. Nde2 Nf3+ 27. Kg2 Nh4+ 28. Kf1 Re5 29. Nxe4 dxe4 30. Nc3 f5 31. Rd7 Ra5 32. Rc4 Rec5 33. Rxc5 Rxc5 34. b4 Rc6 35. Rxb7 Nf3 36. Kg2 fxg4 37. hxg4 Nd2 38. Nd5 Kf8 39. b5 a5 40. bxc6 1-0

[Event "chess.com SpeedChess 2023"]
[Site "chess.com INT"]
[Date "2023.09.14"]
[Round "1.3"]
[White "Nepomniachtchi, I."]
[Black "Erigaisi, Arjun"]
[Result "0-1"]
[WhiteElo "2771"]
[BlackElo "2712"]
[PlyCount "54"]
[EventDate "2023.09.04"]

1. d4 d5 2. c4 e6 3. Nc3 c6 4. Nf3 dxc4 5. e3 b5 6. a4 Bb4 7. Bd2 a5 8. axb5 Bxc3 9. Bxc3 cxb5 10. b3 Bb7 11. bxc4 b4 12. Bb2 Nf6 13. Bd3 O-O 14. O-O Qc7 15. Qe2 $146 ({RR} 15. Re1 Be4 16. d5 Nbd7 17. Bxf6 Nxf6 18. Bxe4 Nxe4 19. Qd4 exd5 20. cxd5 Rfe8 21. Rac1 Qa7 22. Qc4 Qb6 23. Red1 b3 24. d6 Nxd6 25. Qd5 b2 26. Rb1 a4 27. Qa2 a3 28. Rd3 Qc5 29. Rbd1 Ne4 {Conea,A (2170)-Stelian,I (2265) Eforie Nord 1997 0-1}) ({RR} 15. Nd2 a4 16. d5 b3 17. Bxf6 gxf6 18. Qh5 f5 19. Nf3 f6 20. Nd4 exd5 21. Qxf5 Qd7 22. Ne6 Nc6 23. cxd5 Ne5 24. Nc5 Qxf5 25. Bxf5 Bc8 26. Bxc8 Rfxc8 27. Rxa4 b2 28. Rb4 Rab8 29. Nb7 Rc2 {Sevian,S (2698)-Erigaisi,A (2712) Douglas IOM 2023 0-1 (32)}) ({RR} 15. Nd2 a4 16. d5 b3 17. Bxf6 gxf6 18. Qh5 f5 19. Qg5+ Kh8 20. Qf6+ Kg8 21. Qg5+ Kh8 22. Qf6+ Kg8 23. Qg5+ Kh8 24. Qf6+ {½-½ (24) Delgerdalai,B (2376)-Sengupta,D (2479) Stockholm SWE 2026}) 15... a4 16. d5 Nbd7 17. Nd4 exd5 18. Rac1 a3 19. Ba1 Qb6 20. Rb1 Nc5 21. Bc2 dxc4 22. Qxc4 Ba6 23. Qxb4 Qxb4 24. Rxb4 Bxf1 25. Kxf1 Rfb8 26. Rc4 a2 27. Ke2 Rb1 0-1

[Event "Titled Tue 29th Aug Late"]
[Site "chess.com INT"]
[Date "2023.08.29"]
[Round "9"]
[White "Bluebaum, M."]
[Black "Anton Guijarro, D."]
[Result "1-0"]
[WhiteElo "2670"]
[BlackElo "2693"]
[PlyCount "93"]
[EventDate "2023.08.29"]

1. d4 d5 2. c4 e6 3. Nc3 Bb4 4. e3 Nf6 5. Bd2 O-O 6. Nf3 Nbd7 7. a3 Be7 8. cxd5 exd5 9. Bd3 c6 10. Qc2 Re8 11. Ne5 Nf8 12. O-O c5 $146 ({RR} 12... Ng6 13. f4 Bd6 14. Kh1 Bd7 15. Be1 c5 16. Bh4 Nxh4 17. Nxd7 Qxd7 18. Bb5 Qf5 19. Qxf5 Nxf5 20. Bxe8 Rxe8 21. Nb5 c4 22. Rae1 a6 23. Nc3 b5 24. Nxd5 Nxd5 25. e4 Nxf4 26. exf5 Rd8 27. Re3 {Bluebaum,M (2655)-Issani,N (2074) chess.com INT 2024 0-1 (58)}) ({RR} 12... Ng4 13. Nf3 Bd6 14. h3 Nf6 15. Rfe1 Ng6 16. b4 a6 17. Rab1 Bd7 18. a4 Rc8 19. e4 dxe4 20. Nxe4 Nxe4 21. Bxe4 Be6 22. Ng5 Bd5 23. Bxd5 cxd5 24. Qf5 Rf8 25. b5 Be7 26. bxa6 bxa6 27. Nf3 {Bluebaum,M (2655)-Caruana,F (2804) chess.com INT 2024 0-1 (74)}) 13. Bb5 N6d7 14. Nxd5 Nxe5 15. Bxe8 Neg6 16. Nxe7+ Qxe7 17. Bb5 b6 18. Bc6 Rb8 19. dxc5 Ne5 20. Be4 bxc5 21. Rac1 Qh4 22. f4 Ng4 23. h3 Nf6 24. Be1 Qh6 25. Bf3 Ne6 26. b4 Ba6 27. Be2 c4 28. Bxc4 Rc8 29. Qd3 Rd8 30. Bxa6 Rxd3 31. Bxd3 g6 32. Rc8+ Nf8 33. Bc3 N6d7 34. Bd4 Qh5 35. f5 f6 36. fxg6 hxg6 37. Bc4+ Kg7 38. Rc7 Kh6 39. Rxa7 Qg5 40. Ra5 Ne5 41. Bxe5 Qxe3+ 42. Kh1 fxe5 43. Rxf8 e4 44. Bf1 Qd2 45. Re5 e3 46. Rf3 Qc1 47. Rexe3 1-0

[Event "76th ch-RUS 2023"]
[Site "St Petersburg RUS"]
[Date "2023.10.06"]
[Round "6.4"]
[White "Artemiev, V."]
[Black "Murzin, Volodar"]
[Result "1-0"]
[WhiteElo "2697"]
[BlackElo "2633"]
[PlyCount "97"]
[EventDate "2023.10.01"]

1. d4 d5 2. c4 e6 3. Nc3 Be7 4. Bf4 Nf6 5. e3 O-O 6. a3 b6 7. Rc1 c5 8. dxc5 bxc5 9. Nf3 Bb7 10. cxd5 Nxd5 11. Nxd5 Bxd5 12. Bd3 Nd7 13. e4 $146 ({RR} 13. O-O Qb6 14. Qc2 h6 15. e4 Bc6 16. Nd2 Bb5 17. Bxb5 Qxb5 18. Nc4 Nb6 19. Bd6 Qd7 20. Rfd1 Nxc4 21. Qxc4 Bxd6 22. e5 Rab8 23. exd6 Rxb2 24. Qxc5 Rd8 25. Rd3 Rb5 26. Qc7 Rd5 27. Rxd5 exd5 {Mamedyarov,S (2766)-Kasimdzhanov,R (2709) Zug 2013 ½-½ (47)}) 13... Bc6 14. O-O Qb6 15. Qc2 Bb5 16. Rfd1 Rac8 17. Bxb5 Qxb5 18. Qd3 Qxd3 19. Rxd3 Nb6 20. Kf1 f5 21. exf5 Rxf5 22. Be5 Rff8 23. Re3 Kf7 24. Re4 Bf6 25. Rce1 Rfe8 26. g4 c4 27. g5 Bxe5 28. Nxe5+ Kg8 29. Rc1 Red8 30. Nxc4 Rd3 31. Kg2 Rb3 32. h4 g6 33. Na5 Rxc1 34. Nxb3 Rc2 35. Nd4 Rxb2 36. Nxe6 Kf7 37. Nd8+ Kf8 38. Ne6+ Kf7 39. Nd8+ Kf8 40. Nc6 Ra2 41. Re3 Nc4 42. Rc3 Nxa3 43. Nb4 Ra1 44. Rc8+ Kf7 45. Rc7+ Ke6 46. Rxh7 Nc4 47. Nd3 Nd6 48. Nf4+ Kf5 49. Nxg6 1-0

[Event "Qatar Masters Open 2023"]
[Site "Doha QAT"]
[Date "2023.10.20"]
[Round "9.3"]
[White "Abdusattorov, Nodirbek"]
[Black "Erigaisi, Arjun"]
[Result "1-0"]
[WhiteElo "2716"]
[BlackElo "2712"]
[PlyCount "97"]
[EventDate "2023.10.11"]

1. c4 e6 2. Nc3 d5 3. d4 c6 4. e4 dxe4 5. Nxe4 Bb4+ 6. Bd2 Qxd4 7. Bxb4 Qxe4+ 8. Be2 Na6 9. Bd6 Qxg2 10. Bf3 Qg5 11. Ne2 Ne7 12. Ng3 ({RR} 12. Rg1 Qa5+ 13. Nc3 Nf5 14. Ba3 Bd7 15. Qd2 O-O-O 16. O-O-O e5 17. Bg4 Nd4 18. Bxd7+ Rxd7 19. Kb1 f6 20. f4 Rhd8 21. Qf2 Ne6 22. Rxd7 Rxd7 23. f5 Nf4 24. Ne4 Qd8 25. Bd6 Rxd6 26. Nxd6+ Qxd6) 12... e5 ({RR} 12... O-O 13. h4 Qa5+ 14. b4 Nxb4 15. O-O Re8 16. Qd2 c5 17. Rad1 Nf5 18. Nxf5 exf5 19. Qf4 Nc6 20. Kh1 Nd4 21. Rg1 g6 22. Bd5 Be6 23. Bxb7 Ne2 24. Qd2 Qxd2 25. Rxd2 Nxg1 26. Bxa8 Rxa8 27. Kxg1 {Nakamura,H (2810)-Sindarov,J (2745) Pegeia CYP 2026 0-1 (41)}) ({RR} 12... Qa5+ 13. b4 Nxb4 14. O-O Na6 15. Re1 Qd8 16. Qd4 c5 17. Qe5 Ng6 18. Qd4 Ne7 19. Qxg7 Rg8 20. Qc3 Rh8 21. Qd4 {½-½ (21) Kalambetov,A (2099)-Binboga,Y (2221) Cesme TUR 2026}) 13. Qb3 O-O $146 ({RR} 13... Qh4 14. Rg1 O-O 15. Nh5 Ng6 16. Bxf8 Kxf8 17. O-O-O Be6 18. Be2 Qe7 19. Qe3 Qc5 20. Qg5 Re8 21. Rd8 Bxc4 22. Rxe8+ Kxe8 23. Kd1 Qd4+ 24. Ke1 Bxe2 25. Kxe2 Qc4+ 26. Kf3 Qd5+ 27. Ke2 Qc4+ 28. Kf3 {Iniyan,P (2586)-Adhiban,B (2534) Hyatt Regency, Chennai 2025 ½-½ (36)}) 14. h4 Qf6 15. Ne4 Qe6 16. O-O-O Re8 17. Rhg1 Nf5 18. Bh5 Nd4 19. Qd3 g6 20. f4 c5 21. fxe5 Nb4 22. Qf1 Qf5 23. Rxd4 cxd4 24. Nf6+ Kh8 25. Bxb4 Rxe5 26. Bd1 Be6 27. Bd6 Bxc4 28. Ng4 Qxf1 29. Bxe5+ Kg8 30. Rxf1 Bxf1 31. Nf6+ Kg7 32. Kd2 Bg2 33. b4 h6 34. Bb3 Kf8 35. Bxd4 Ke7 36. Ke3 b6 37. Ng4 Bh3 38. Kf4 g5+ 39. hxg5 hxg5+ 40. Kg3 Bxg4 41. Kxg4 Rd8 42. Ba1 Rd3 43. Kxg5 a5 44. bxa5 bxa5 45. Bc4 Rd2 46. Kf4 a4 47. Bc3 Rh2 48. Kf5 Rh4 49. Bf6+ 1-0